00686cam a2200193 i 45000010006000000050017000060080041000230170015000640400022000791000035001012450117001362600064002533000026003175040021003436000035003646550032003997100049004318520012004808584820260429143036.0260429s1995 sp a rc 000 0 spa d aSG 57/1995 aBUAHbspacM-RABA1 aSimón, José Luis (d1946-)10aJosé Luis Simón b: sustratos y referencias: del 8 al 24 de septiembre de 1995: Torreón de Lozoya, Segovia a[Segovia] b: Caja Segovia Obra Social y Culturalc, [1995] a35 p b: il.c; 28 cm aBibliogr.: p. 3517aSimón, José Luis (d1946-) 4aCatálogos de exposiciones2 aCaja de Ahorros y Monte de Piedad de Segovia jF-16117